000 00339nam a2200145Ia 4500
008 150301s2011 xx 000 0 und d
082 _a610.72
_bB11D
100 _aDAS, RANJAN
245 _aBIOMEDICAL RESEARCH METHODOLOGY
250 _a1ST
260 _bJAYPEE
_aDELHI
_c2011
300 _a238
650 _aRESEARCH
942 _2ddc
_cBK
_07
999 _c6594
_d6594